|
|
|
|
| LEADER |
01630nam a22003854a 4500 |
| 001 |
35537 |
| 003 |
BD-DhAAL |
| 005 |
20211206115916.0 |
| 008 |
200223t2007 mau b 001 0 eng d |
| 999 |
|
|
|c 42235
|d 42235
|
| 010 |
|
|
|a 2006034450
|
| 015 |
|
|
|a GBA712929
|2 bnb
|
| 016 |
7 |
|
|a 013673311
|2 Uk
|
| 020 |
|
|
|a 9781591399124 (hardcover : alk. paper)
|
| 020 |
|
|
|a 1591399122 (hardcover : alk. paper)
|
| 035 |
|
|
|a (OCoLC)ocm73993618
|
| 035 |
|
|
|a (OCoLC)73993618
|
| 040 |
|
|
|a DLC
|c DLC
|d DLC
|d BD-DhAAL
|
| 050 |
0 |
0 |
|a BF432.3
|b .G365 2006
|
| 082 |
0 |
0 |
|a 001
|2 22
|
| 084 |
|
|
|a 85.08
|2 bcl
|
| 100 |
1 |
|
|a Gardner, Howard,
|d 1943-
|9 39430
|
| 245 |
1 |
0 |
|a Five minds for the future /
|c Howard Gardner.
|
| 260 |
|
|
|a Boston, Mass. :
|b Harvard Business School Press,
|c c2007.
|
| 300 |
|
|
|a xi, 196 pages ;
|c 25 cm.
|
| 490 |
0 |
|
|a Leadership for the common good
|
| 504 |
|
|
|a Includes bibliographical references (pages 169-173) and index.
|
| 505 |
0 |
|
|a Minds viewed globally: a personal introduction -- The disciplined mind -- The synthesizing mind -- The creating mind -- The respectful mind -- The ethical mind -- Conclusion: toward the cultivation of the five minds.
|
| 650 |
|
0 |
|a Multiple intelligences.
|9 39431
|
| 650 |
|
0 |
|a Social intelligence.
|9 39432
|
| 650 |
|
0 |
|a Success.
|9 39433
|
| 650 |
|
0 |
|a Thought and thinking.
|9 39434
|
| 852 |
|
|
|a Ayesha Abed Library
|c BIED Collection
|
| 942 |
|
|
|2 ddc
|c BK
|
| 952 |
|
|
|0 0
|1 0
|2 ddc
|4 0
|6 001_000000000000000_GAR
|7 0
|9 67980
|a BRACUL
|b BRACUL
|c GEN
|d 2020-02-23
|e Complimentary copy from BIED
|l 3
|m 14
|o 001 GAR
|p 3010035537
|r 2023-03-22
|s 2023-01-31
|t 1
|w 2020-02-23
|y BK
|x Transferred from BIED to General Stacks
|